[Event "Chesspangenberg op 1st"]
[Site "Buenos Aires"]
[Date "2003.11.11"]
[Round "7"]
[White "Slipak, Sergio"]
[Black "Hase, Juan Carlos"]
[Result "1-0"]
[WhiteElo "2503"]
[BlackElo "2356"]
[PlyCount "63"]
[EventDate "2003.11.04"]
[EventType "swiss"]
[EventRounds "9"]
[EventCountry "ARG"]
[SourceTitle "EXT 2004"]
[Source "ChessBase"]
[SourceDate "2003.11.25"]
[SourceVersion "1"]
[SourceVersionDate "2003.11.25"]
[SourceQuality "1"]

1. d4 Nf6 2. c4 e6 3. Nf3 d5 4. Nc3 c5 5. cxd5 Nxd5 6. e4 Nxc3 7. bxc3 cxd4 8. cxd4 Nc6 9. Bc4 b5 10. Be2 Bb4+ 11. Bd2 Bxd2+ 12. Qxd2 a6 13. 0-0 0-0 14. a4 b4 15. Rfd1 Qd6 16. e5 Qe7 17. Qf4 Bb7 18. Bd3 f6 19. Qh4 h6 20. Be4 Na5 21. d5 exd5 22. Bxd5+ Bxd5 23. Rxd5 Nc6 24. Rc1 Qb7 25. Qc4 Kh8 26. e6 Rad8 27. Rc5 b3 28. Rxc6 b2 29. Rb1 Rc8 30. e7 Rfe8 31. Rxc8 Rxc8 32. Rxb2 1-0